Countries beginning with N - Statistics

General Stats
  • This quiz has been taken 88 times
  • The average score is 9 of 11
Answer Stats
Answer % Correct
Niger
91%
Nigeria
91%
Namibia
88%
Netherlands
88%
Nicaragua
83%
Nauru
76%
Norway
76%
North Korea
75%
Nepal
74%
New Zealand
69%
North Macedonia
69%
No matching quizzes found
Score Distribution
Percent of People with Each Score
Percentile by Number Answered
Your Score History
You have not taken this quiz